Clínica jurídica = (Record no. 9152)

MARC details
000 -LEADER
fixed length control field 00658nam a22002057a 4500
008 - FIXED-LENGTH DATA ELEMENTS--GENERAL INFORMATION
fixed length control field 230913b ag ao|||||||| 00| 0 spa d
020 ## - INTERNATIONAL STANDARD BOOK NUMBER
International Standard Book Number 9789872032494
040 ## - CATALOGING SOURCE
Original cataloging agency AR-FvUNAJ
082 14 - DEWEY DECIMAL CLASSIFICATION NUMBER
Edition number 14
Classification number 323
110 2# - MAIN ENTRY--CORPORATE NAME
9 (RLIN) 4900
Corporate name or jurisdiction name as entry element Centro de Estudios Legales y Sociales.
245 10 - TITLE STATEMENT
Title Clínica jurídica =
Remainder of title legal clinic /
Statement of responsibility, etc Centro de Estudios Legales y Sociales
250 ## - EDITION STATEMENT
Edition statement 1ª ed.
260 ## - PUBLICATION, DISTRIBUTION, ETC. (IMPRINT)
Place of publication, distribution, etc Buenos Aires :
Name of publisher, distributor, etc CELS,
Date of publication, distribution, etc 2013
300 ## - PHYSICAL DESCRIPTION
Extent 80 p. :
Other physical details fotos
500 ## - GENERAL NOTE
General note Traducción: Paula Arturo
650 27 - SUBJECT ADDED ENTRY--TOPICAL TERM
Source of heading or term unescot
9 (RLIN) 1105
Topical term or geographic name as entry element DERECHOS HUMANOS
650 27 - SUBJECT ADDED ENTRY--TOPICAL TERM
Source of heading or term unescot
9 (RLIN) 4286
Topical term or geographic name as entry element FORMACIÓN PROFESIONAL
942 ## - ADDED ENTRY ELEMENTS (KOHA)
Source of classification or shelving scheme Dewey Decimal Classification
Item type Libro, folleto, traducción
980 ## - EQUIVALENCE OR CROSS-REFERENCE-SERIES STATEMENT--PERSONAL NAME/TITLE [LOCAL, CANADA]
Linkage 21568
Personal name Nuñez
Field link and sequence number 21574
Miscellaneous information Carrizo
Holdings
Withdrawn status Lost status Source of classification or shelving scheme Damaged status Not for loan Home library Current library Date acquired Source of acquisition Total Checkouts Full call number Barcode Date last seen Price effective from Koha item type
    Dewey Decimal Classification     Biblioteca Central Biblioteca Central 13/09/2023 Donación   Folleto 156 UNAJ23090092 17/03/2025 13/09/2023 Libro, folleto, traducción

Lunes a Viernes 8:30 a 19:00 hs. Cerrado por mudanza
Av.Calchaqui 6200 Florencio Varela (CP188) 2°piso Edificio Mosconi Aula 209-210
Mail: bibliotecacentralunaj@gmail.com  
Whatsapp(54 9)1122668024    ❔Pregunte a la bibliotecaria
© Universidad Nacional Arturo Jauretche | Secretaría Académica | Biblioteca Central UNAJ